TripleS Quiz - Statistics

General Stats
  • This quiz has been taken 1,152 times
  • The average score is 15 of 22
Answer Stats
Questions Answer % Correct
Who's the first member (S) to be revealed? SeoYeon
99%
Who's the last member (S) to be revealed? JiYeon
97%
What was the first Dimension (Sub-unit) to debut? Acid Angels from Asia
87%
What was the album name of their first OT10 debut? Assemble
86%
How many Japanese Members do they have? 4
84%
What was the song that was advertised throughout tiktok and became their most streamed? Generation
83%
Who is the first Thai member of the group? Sullin
81%
What was the name of their OT24 debut? Assemble24
78%
What was the second 8 member Dimension (Sub-unit) named? EVOLution
77%
What was the second Dimension (Sub-unit)? +(Kr)ystal Eyes
76%
What was the first 8 Member Dimension (Sub-unit) named? LOVElution
76%
Who dethroned the first Maknae? SeoAh
74%
What year was the youngest member born? 2010
73%
What is the name of their company? MODHAUS
70%
Who was the first Maknae of TripleS? Joobin
59%
What Group is usually associated as "TripleS Sister"? (or mother) ARTMS
58%
What was the Dimension (Sub-unit) that was composed of two dimensions (Sub-unit)? Acid Eyes
46%
What is the name of the type of photo cards that can either be bought online or physically? Objekts
43%
What song was deemed "Too similar" to the Iz*One Song, "Fiesta"? Rhodante
36%
What song was originally introduced to TripleS by the Gravity event and lost then introduced to ARTMS then back to them? Non scale
34%
What was the name of the club that appeared in the "Girl's Capitalism" MV? Mad Money Club
31%
What is the meaning of the "SSS" in their name? Social, Sonyo, Seoul
31%
No matching quizzes found
Score Distribution
Percent of People with Each Score
Percentile by Number Answered
Your Score History
You have not taken this quiz